Biggest City in Romania A-Z - Statistics

General Stats
  • This quiz has been taken 14 times
  • The average score is 6 of 18
Answer Stats
Letter Pop. City % Correct
B 1,716,961 București
100%
C 286,598 Cluj-Napoca
93%
I 271,692 Iași
71%
T 250,849 Timișoara
71%
A 145,078 Arad
50%
O 183,105 Oradea
50%
G 217,851 Galați
43%
P 180,540 Ploiești
43%
S 134,309 Sibiu
36%
D 79,865 Drobeta-Turnu Severin
7%
F 66,648 Focșani
7%
H 50,457 Hunedoara
7%
R 93,151 Râmnicu Vâlcea
7%
V 63,035 Vaslui
7%
Z 52,359 Zalău
7%
L 35,450 Lugoj
0%
M 39,505 Mediaș
0%
N 34,398 Năvodari
0%
No matching quizzes found
Score Distribution
Percent of People with Each Score
Percentile by Number Answered
Your Score History
You have not taken this quiz